000 03033cam a2200301 a 4500
001 16999504
003 EG-ScBUE
005 20221109041421.0
008 111014s2012 enka f b 001 0 eng d
020 _a9781856178068 (pbk.)
040 _aDLC
_beng
_erda
_cDLC
_dDLC
_dEG-ScBUE
082 0 4 _a721.0222
_222
_bMET
245 0 0 _aMetric handbook :
_bplanning and design data /
_c[edited by] David Littlefield.
250 _aFourth edition.
264 1 _aOxon ;
_aNew York :
_bRoutledge,
_c2012.
300 _a1 volume (various pagings) :
_bcolor illustrations ;
_c30 cm
500 _aFirst ed. published in 1979 as: New metric handbook.
504 _aIncludes bibliographical references and index.
505 8 _aMachine generated contents note: (PROVISIONAL) Notation; Basic Design Data; Design and Construction Practice and Techniques; Re-use/Refurbishment/Whole Life Costs ; Design Basics: Buildings & Movement; Design Basics: Spaces/Urban Design; Houses and Flats; Student housing; Homes for the elderly; Hotels; Offices; Retail Trading; Factories and Workshops; Industrial Storage; Agricultural Buildings; Eating and Drinking; Sports Facilities: Indoor; Sports Facilities: Outdoor; Leisure and Community Facilities; Schools and Nurseries; Higher Education; Laboratories; Primary Health Care; Hospitals; Payment offices; Public Buildings; Museums and Art Galleries/Visitor Centres; Libraries and Information Centres / Archives; Terminals and Transport Interchanges; Parking; Sound and Vision Studios; Auditoria; Places of Worship; Structure; Materials; Doors/Windows/Stairs; Heating and Ventilation; Light; Sound; Fire; Security; Designing for the Disabled; Access for Maintenance; Service Distribution.
520 _a"An essential reference resource for any architect or architect student, the Metric Handbook is the major handbook for planning and design data. For each building type, the book gives basic design requirements, principal dimensional data and details of relevant building regulations. The book also contains information on broader aspects of design applicable to all building types, such as materials, acoustics and lighting, and data on human dimensions and space requirements. Significantly updated, the new edition of this work focuses on sustainable design practice to make projects competitive within a green market. As well as a full revision, including additional new building types and the latest updates to regulation and practice, the book features an improved new layout with color images and text to make it easier to find vital information quickly. Metric Handbook is a tried and tested, authoritative reference for solving everyday planning problems - it is a must have for every design office desk and drawing board"--
650 7 _aBuilding
_xDetails
_vDrawings.
_2BUEsh
_937733
650 7 _aMetric system.
_2BUEsh
_913032
651 _2BUEsh
653 _bENGARC
_cApril2015
655 _vReading book
_934232
700 1 _aLittlefield, David,
_eeditor.
_937734
942 _2ddc
_k721.0222 MET
_cBB
999 _c19223
_d19195